| 000 | 00645nam a22002057a 4500 | ||
|---|---|---|---|
| 005 | 20240108154058.0 | ||
| 010 | _aENG-134957 | ||
| 020 |
_c250.00 _a9789383002207 |
||
| 035 | _aEN-118489 | ||
| 037 | _bDBAD/PUB | ||
| 082 | _a301.16 | ||
| 100 |
_aMabry P. Hunter _960762 |
||
| 245 | _aA Manual for researchers and writers / | ||
| 260 |
_aBangalore _bThe board Of Theological Education |
||
| 270 |
_bBengalore _aP.B. No. 4635, 3rd Floor, 73, Miller's Road Benson Town P.O |
||
| 300 |
_a373p. _c23cm(pbk) |
||
| 700 |
_aMishra Abhishek _960728 |
||
| 710 |
_aRoma Chatterjee _eEditor _959600 |
||
| 942 |
_2ddc _cEN _h301.16 _mMAB |
||
| 999 |
_c200035 _d200035 |
||